The saga of San Demetrio

Guardat en:
Dades bibliogràfiques
Autor principal: Jesse, F. Tennyson (Autor)
Format: Llibre
Idioma:anglès
Publicat: Londres His Majesty's Stationery Office 1942
Edició:1a. ed
Matèries:
Etiquetes: Afegir etiqueta
Sense etiquetes, Sigues el primer a etiquetar aquest registre!

MARC

LEADER 00000nam a2200000 a 4500
001 UCJ7324
003 CL-VaPUC
008 070124e19420000UK |||||||||||||||||eng|d
082 0 4 |a 940  |b JES  |2 21 
100 0 |a Jesse, F. Tennyson  |e author  |9 515634 
245 1 4 |a The saga of San Demetrio 
250 |a 1a. ed 
300 |a 64 p 
942 |c BK 
945 |d 20070124 00:00:00  |a rinostro 
260 |a Londres  |b His Majesty's Stationery Office  |c 1942 
500 |a Fotografías del petrolero San Demetrio conforme a lo señalado en índice.- La interesante experiencia vivida por el buque y su tripulación fué llevada al cine como Petrolero San Demetrio 
600 0 7 |a WAITE, O.B.E., GEORGE  |2 CL-VaPUC  |9 515635 
600 0 7 |a POLLARD, CHARLES  |2 CL-VaPUC  |9 515636 
600 0 7 |a WILLEY, GEORGE  |2 CL-VaPUC  |9 515637 
600 0 7 |a JONES, JOHN LEWIS  |2 CL-VaPUC  |9 515638 
650 7 |a GUERRA MUNDIAL II  |2 CL-VaPUC  |9 336657 
650 0 |a Naufragios  |9 317857 
650 7 |a SALVATAJES  |2 CL-VaPUC  |9 515639 
650 0 |a Ilustraciones  |9 369481 
651 7 |a OCEANO ATLANTICO  |2 CL-VaPUC  |9 262204 
651 7 |a ARUBA  |2 CL-VaPUC  |9 515640 
583 |a last modification  |c 20070124 00:00:00  |k Rodrigo Vera 
999 |c 323419  |d 323417 
952 |0 0  |1 0  |4 0  |6 940_000000000000000_JES_1942  |7 0  |8 X  |9 402994  |a FDOBUD  |b FDOBUD  |d 2019-11-22  |i 1061593  |o 940 JES 1942  |p 1061593  |r 2019-11-22  |w 2019-11-22  |y BK_X  |k BUD